00543nam a2200193 a 4500001001300000003000900013005001700022008004100039020002400080082001600104100002600120245005400146260004900200300000900249500003500258505001000293650002000303700002600323nice12345678IN_TiNIC20260116014435.0050524s2002 pria grp 000 0 eng  a0691805 c135700a297.61bZAM aZaman, Muhammad Qasim aUlema in Contemporary Islam, Custodians of Change aPrincetonbPrinceton University Press c2002 a293p aincludes index and biblioraphy2 aIndex aScholars-Muslim1 aZaman, Muhammad Qasim